{"text_format":"1","workbook":"xlsx","n_sheets":5,"sheets":["P. BDI","QCI","Orçamento novo","CRON","DESTRAVAR"],"not_rendered":{"charts":0,"images":0,"macros":1,"external_links":1,"defined_names":26,"comments":0,"pivot_tables":0},"unopened":[],"bounds":{"document_bytes":16777216,"sheet_cells":100000,"rows_first":2000,"rows_last":500,"rows_between":2000,"halvings":0,"cell_chars":16384,"cell_head_chars":4096},"cells_cut":0,"cells_raw":0,"read":"whole","date_system":"1900"}

{"sheet":"P. BDI","index":0,"n_rows":46,"n_cols":10,"rows_kept":46,"cut":false,"hidden":false,"merged":[[1,1,1,5],[2,2,2,5],[3,2,3,5],[4,2,4,5],[5,2,5,5],[11,3,11,5],[6,2,6,5],[7,2,7,5],[30,1,30,4],[32,1,32,5],[8,2,8,5],[34,1,34,5],[35,1,35,5],[14,3,14,5],[18,2,18,4],[25,1,25,4],[26,1,26,4],[27,1,27,4],[29,1,29,4]]}
[null,"IMPRIMIR EM PAPEL TIMBRADO DA EMPRESA PROPONENTE "]
[null,"BDI - Bonificações e Despesas Indiretas"]
[null,"Edital :","TP -xxx"]
[null,"Tomador: ","Prefeitura Municipal de Dois Vizinhos - PR"]
[null,"Empreendimento: ","MELHORIAS ESCOLA NSA. DE LOURDES"]
[null,"Local da Obra:","--"]
[null,"Empresa Prop.:","xxxxxxxxxxxxxx"]
[null,"CNPJ:","xxxxxxxxxxxxxx"]
[null,"Referencia:",{"$f":"'Orçamento novo'!C11","v":"SINAPI 06/2017 Desonerado"}]
[]
[null,"Identifique o tipo de obra:",1,{"$f":"IF(C11>0,IF(C11<7,,\"<--- Insira valor entre 1 e 6\"),\"<--- Insira valor entre 1 e 6\")","v":0}]
[null,"Construção de edifícios:",1,"Informe a base de cálculo do ISSQN."]
[null,"Construção de rodovias e ferrovias:",2,{"$f":"IF(D14<>0,0,\"( X )\")","v":0},"Sobre os serviços."]
[null,"Construção de redes de abastecimento de água, coleta de esgoto e construções correlatas:",3,"x","Sobre a mão-de-obra."]
[null,"Construção e manutenção de estações e redes de distribuição de energia elétrica:",4,"Informe a ocorrência da DESONERAÇÃO da folha de pagamento. Lei 12844/2013."]
[null,"Obras portuárias, marítimas e fluviais:",5,{"$f":"IF(D17<>0,0,\"( X )\")","v":0},"SEM Desoneração."]
[null,"Fornecimento de materiais e equipamentos:",6,"x","COM Desoneração."]
[]
[null,null,"Intervalo de admissibilidade",null,null,null,null,"Ac",{"$f":"F21","v":0.04}]
[null,"Item Componente do BDI","1º Quartil","Médio","3º Quartil","Valores Propostos",null,"S",{"$f":"F22","v":8.0000000000000002E-3}]
[null,"Administração Central",0.03,0.04,5.5E-2,0.04,{"$f":"IF(F21=0,\"\",IF(F21<C21,\"Atenção, observar os intervalos!\",IF(F21>E21,\"Atenção, observar os intervalos!\",\"\")))","v":""},"G",{"$f":"I20","v":8.0000000000000002E-3}]
[null,"Seguro e Garantia",8.0000000000000002E-3,8.0000000000000002E-3,0.01,8.0000000000000002E-3,{"$f":"IF(F22=0,\"\",IF(F22<C22,\"Atenção, observar os intervalos!\",IF(F22>E22,\"Atenção, observar os intervalos!\",\"\")))","v":""},"R",{"$f":"F23","v":1.2699999999999999E-2}]
[null,"Risco",9.7000000000000003E-3,1.2699999999999999E-2,1.2699999999999999E-2,1.2699999999999999E-2,{"$f":"IF(F23=0,\"\",IF(F23<C23,\"Atenção, observar os intervalos!\",IF(F23>E23,\"Atenção, observar os intervalos!\",\"\")))","v":""},"DF",1.23E-2]
[null,"Despesas Financeiras",5.8999999999999999E-3,1.23E-2,1.3899999999999999E-2,1.23E-2,{"$f":"IF(F24=0,\"\",IF(F24<C24,\"Atenção, observar os intervalos!\",IF(F24>E24,\"Atenção, observar os intervalos!\",\"\")))","v":""},"L",7.3999999999999996E-2]
[null,"Lucro",6.1600000000000002E-2,7.3999999999999996E-2,8.9599999999999999E-2,7.3999999999999996E-2,{"$f":"IF(F25=0,\"\",IF(F25<C25,\"Atenção, observar os intervalos!\",IF(F25>E25,\"Atenção, observar os intervalos!\",\"\")))","v":""},"l1",3.6499999999999998E-2]
[null,"I1: PIS e COFINS",null,null,null,3.6499999999999998E-2,null,"l2",0.03]
[null,"I2: ISSQN (conforme legislação municipal)",null,null,null,0.03,null,"l3",4.4999999999999998E-2]
[null,"I3: Cont.Prev s/Rec.Bruta (Lei 12844/13 - Desoneração)",null,null,null,4.4999999999999998E-2]
[]
[null,"BDI - SEM Desoneração da folha de pagamento",null,null,null,{"$f":"(((1+I19+I21+I22)*(1+I23)*(1+I24))/(1-I25-I26))-1","v":0.23535496426352442},null,"1º QUARTIL","MÉDIO","3º QUARTIL"]
[null,"BDI - COM Desoneração da folha de pagamento",null,null,null,{"$f":"ROUND((((1+I19+I21+I22)*(1+I23)*(1+I24))/(1-I25-I26-I27))-1,4)","v":0.2979},null,0.2034,0.22120000000000001,0.25]
[]
[null,"Declaramos que esta planilha foi elaborada conforme equação para cálculo do percentual do BDI recomendada pelo Acórdão 2622/2013 - TCU, representada pela fórmula abaixo."]
[]
[null,"BDI - SEM Desoneração = [(1+AC+S+G+R)X(1+DF)X(1+L)/(1-I1-I2)]-1"]
[null,"BDI - COM Desoneração = [(1+AC+S+G+R)X(1+DF)X(1+L)/(1-I1-I2-I3)]-1"]
[]
[]
[null,"Responsável Técnico:","MARCIO TRENTINI"]
[null,"Carimbo e Assinatura CREA/CAU:","CREA - PR 133392/D"]
[]
[]
[]
[]
[null,"Responsavel Legal:"]
[null,"Carimbo e Assinatura"]

{"sheet":"QCI","index":1,"n_rows":50,"n_cols":8,"rows_kept":50,"cut":false,"hidden":false,"merged":[[30,5,30,6],[27,3,27,4],[27,5,27,6],[1,0,2,7],[7,0,7,1],[7,3,7,4],[7,5,7,6],[8,0,8,1],[8,5,8,6],[28,3,28,4],[29,3,29,4],[8,3,8,4],[26,3,26,4],[26,5,26,6],[24,3,24,4],[25,3,25,4],[24,5,24,6],[25,5,25,6],[28,5,28,6],[29,5,29,6],[14,0,14,1],[11,0,11,1],[9,0,9,1],[10,0,10,1],[30,3,30,4],[9,3,9,4],[12,0,12,1],[13,0,13,1],[31,5,31,6],[32,5,32,6],[33,3,33,4],[36,1,36,2],[35,5,35,6],[36,5,36,6],[36,3,36,4],[34,5,34,6],[35,3,35,4],[31,3,31,4],[32,3,32,4],[34,3,34,4],[33,5,33,6]]}
["IMPRIMIR EM PAPEL TIMBRADO DA EMPRESA PROPONENTE "]
["QUADRO DE COMPOSIÇÃO DE INVESTIMENTO "]
[]
[]
[]
[]
[]
[{"$f":"'P. BDI'!B3","v":"Edital :"},null,{"$f":"'P. BDI'!C3:F3","v":"TP -xxx"},"Valor Tot. s/ BDI:",null,{"$f":"'Orçamento novo'!H44","v":52833.065439937251}]
[{"$f":"'P. BDI'!B4","v":"Tomador: "},null,{"$f":"'P. BDI'!C4:F4","v":"Prefeitura Municipal de Dois Vizinhos - PR"},"Valor Tot. c/ BDI:",null,{"$f":"'Orçamento novo'!H46","v":68572.035634494561}]
[{"$f":"'P. BDI'!B5","v":"Empreendimento: "},null,{"$f":"'P. BDI'!C5:F5","v":"MELHORIAS ESCOLA NSA. DE LOURDES"}]
[{"$f":"'P. BDI'!B6","v":"Local da Obra:"},null,{"$f":"'P. BDI'!C6:F6","v":"--"}]
[{"$f":"'P. BDI'!B7","v":"Empresa Prop.:"},null,{"$f":"'P. BDI'!C7:F7","v":"xxxxxxxxxxxxxx"}]
[{"$f":"'P. BDI'!B8","v":"CNPJ:"},null,{"$f":"'P. BDI'!C8:F8","v":"xxxxxxxxxxxxxx"}]
[{"$f":"'P. BDI'!B9","v":"Referencia:"},null,{"$f":"'P. BDI'!C9:F9","v":"SINAPI 06/2017 Desonerado"}]
["BDI c/ desoneração:",null,{"$f":"'P. BDI'!F31","v":0.2979}]
[]
[]
[]
[]
[]
[]
[]
[]
[]
[null,"ITEM .","DESCRIÇÃO ","% DO GRUPO",null,"VALOR DO GRUPO:",null,"TOTAL ACUM."]
[null,{"$f":"'Orçamento novo'!A16","v":".1"},{"$f":"'Orçamento novo'!C16","v":"SERVIÇOS PRELIMINARES"},{"$f":"F26/$F$37","v":1.0220872014588928E-2},null,{"$f":"'Orçamento novo'!H16","v":700.86599999999999},null,{"$f":"F26","v":700.86599999999999}]
[null,{"$f":"'Orçamento novo'!A18","v":".2"},{"$f":"'Orçamento novo'!C18","v":"SERVIÇOS"},{"$f":"F27/$F$37","v":0.98977912798541112},null,{"$f":"'Orçamento novo'!H18","v":67871.169634494552},null,{"$f":"F27+H26","v":68572.035634494547}]
[]
[]
[]
[]
[]
[]
[]
[]
[]
[null,"TOTAL :",null,{"$f":"SUM(D26:E31)","v":1},null,{"$f":"SUM(F26:G31)","v":68572.035634494547},null,{"$f":"F37","v":68572.035634494547}]
[]
[]
[]
[]
[]
[null,null,null,"Responsável Técnico:",{"$f":"'P. BDI'!C39","v":"MARCIO TRENTINI"}]
[null,null,null,"Carimbo e Assinatura CREA/CAU:",{"$f":"'P. BDI'!C40","v":"CREA - PR 133392/D"}]
[]
[]
[]
[]
[null,null,null,"Responsavel Legal:"]
[null,null,null,"Carimbo e Assinatura"]

{"sheet":"Orçamento novo","index":2,"n_rows":59,"n_cols":10,"rows_kept":59,"cut":false,"hidden":false,"merged":[[1,0,2,7],[4,0,4,1],[5,0,5,1],[6,0,6,1],[7,0,7,1],[4,3,4,4],[5,3,5,4],[44,0,44,6],[45,0,45,6],[8,4,8,7],[43,0,43,6],[9,0,9,1],[10,0,10,1],[8,0,8,1],[11,0,11,1]]}
["IMPRIMIR EM PAPEL TIMBRADO DA EMPRESA PROPONENTE "]
["PLANILHA ORÇAMENTARIA"]
[]
[]
[{"$f":"'P. BDI'!B3","v":"Edital :"},null,{"$f":"'P. BDI'!C3:F3","v":"TP -xxx"}]
[{"$f":"'P. BDI'!B4","v":"Tomador: "},null,{"$f":"'P. BDI'!C4:F4","v":"Prefeitura Municipal de Dois Vizinhos - PR"}]
[{"$f":"'P. BDI'!B5","v":"Empreendimento: "},null,{"$f":"'P. BDI'!C5:F5","v":"MELHORIAS ESCOLA NSA. DE LOURDES"}]
[{"$f":"'P. BDI'!B6","v":"Local da Obra:"},null,{"$f":"'P. BDI'!C6:F6","v":"--"}]
[{"$f":"'P. BDI'!B7","v":"Empresa Prop.:"},null,{"$f":"'P. BDI'!C7:F7","v":"xxxxxxxxxxxxxx"}]
[{"$f":"'P. BDI'!B8","v":"CNPJ:"},null,{"$f":"'P. BDI'!C8:F8","v":"xxxxxxxxxxxxxx"}]
[{"$f":"'P. BDI'!B9","v":"Referencia:"},null,"SINAPI 06/2017 Desonerado"]
["BDI c/ desoneração:",null,{"$f":"QCI!C15","v":0.2979}]
[]
["ITEM .","REF.","DESCRIÇÃO","UN","VALOR UNIT.","QUANT.","VALOR UNIT C/ BDI","TOTAL"]
[]
[".1",null,"SERVIÇOS PRELIMINARES",null,null,null,"TOTAL DO GRUPO:",{"$f":"SUM(H17:H17)","v":700.86599999999999}]
[null,4813,"PLACA DE OBRA (PARA CONSTRUCAO CIVIL) EM CHAPA GALVANIZADA *N. 22*, DE *2,0 X 1,125* M","M2",240,{"$f":"2*1.125","v":2.25},{"$f":"(E17*$C$12)+E17","v":311.49599999999998},{"$f":"G17*F17","v":700.86599999999999},null,{"$f":"E17*F17","v":540}]
[".2",null,"SERVIÇOS",null,null,null,"TOTAL DO GRUPO:",{"$f":"SUM(H20:H43)","v":67871.169634494552},null,{"$f":"E18*F18","v":0}]
[null,null,"QUANTITATIVO MURO DE ARRIMO 34,5M X 1,5M",null,null,null,null,null,null,0]
[null,90880,"ESTACA ESCAVADA MECANICAMENTE, COM 25 CM DE DIÂMETRO, CONCRETO LANÇADO MANUALMENTE ","M",51.58,{"$f":"(34.5/1.5)*1.5","v":34.5},{"$f":"(E20*$C$12)+E20","v":66.945682000000005},{"$f":"G20*F20","v":2309.626029},null,1779.51]
[null,39,"ACO CA-60, 5,0 MM, VERGALHAO","KG",3.22,{"$f":"((34.5/0.17)*0.8*0.154)+(8*1.5*0.154*23)","v":67.506352941176473},4.1792379999999998,282.12511545317648,null,217.37045647058827]
[null,92775,"ARMAÇÃO DE PILAR OU VIGA DE UMA ESTRUTURA CONVENCIONAL DE CONCRETO ARMADO EM UMA EDIFÍCAÇÃO TÉRREA OU SOBRADO UTILIZANDO AÇO CA-60 DE 5.0 MM - MONTAGEM. AF_12/2015","KG",13.26,25,{"$f":"(E22*$C$12)+E22","v":17.210153999999999},430.25385,null,331.5]
[null,34,"ACO CA-50, 10,0 MM, VERGALHAO","KG",3.25,{"$f":"(34.5*6*1.5*0.624)","v":193.75200000000001},{"$f":"(E23*$C$12)+E23","v":4.2181750000000005},817.27984260000017,null,629.69400000000007]
[null,92778,"ARMAÇÃO DE PILAR OU VIGA DE UMA ESTRUTURA CONVENCIONAL DE CONCRETO ARMADO EM UMA EDIFÍCAÇÃO TÉRREA OU SOBRADO UTILIZANDO AÇO CA-50 DE 10.0 MM - MONTAGEM. AF_12/2015","KG",8.5,{"$f":"F23","v":193.75200000000001},11.03215,2137.5011267999998,null,1646.8920000000001]
[null,"74106/1","IMPERMEABILIZACAO DE ESTRUTURAS ENTERRADAS, COM TINTA ASFALTICA, DUAS DEMAOS.","M2",9.01,{"$f":"34.5*1.5","v":51.75},11.694079,605.16858824999997,null,466.26749999999998]
[null,88485,"APLICAÇÃO DE FUNDO SELADOR ACRÍLICO EM PAREDES, UMA DEMÃO. AF_06/2014","M2",1.87,{"$f":"F25","v":51.75},2.427073,125.60102775,null,96.772500000000008]
[null,88423,"APLICAÇÃO MANUAL DE PINTURA COM TINTA TEXTURIZADA ACRÍLICA EM PAREDES EXTERNAS DE CASAS, UMA COR. AF_06/2014","M2",13.57,{"$f":"F26","v":51.75},17.612503,911.44703025000001,null,702.24750000000006]
[null,95955,"EXECUÇÃO DE ESTRUTURAS DE CONCRETO ARMADO, , FCK = 30 MPA. AF_01/2017","M3",1901.44,{"$f":"(34.5*0.14*0.25*2)+(1.5*0.15*0.3*23)+(0.08*0.08*7*1.4)","v":4.0302199999999999},2467.878976,9946.0952066547197,null,7663.2215168000002]
[null,87449,"ALVENARIA DE VEDAÇÃO DE BLOCOS VAZADOS DE CONCRETO DE 14X19X39CM (ESPESSURA 14CM) DE PAREDES COM ÁREA LÍQUIDA MENOR QUE 6M² SEM VÃOS E ARGAMASSA DE ASSENTAMENTO COM PREPARO EM BETONEIRA. AF_06/2014","M2",60.1,{"$f":"(1.5*(0.5+0.9))*23","v":48.29999999999999},78.003790000000009,{"$f":"G29*F29","v":3767.5830569999998},null,2902.8299999999995]
[null,87879,"CHAPISCO APLICADO EM ALVENARIAS E ESTRUTURAS DE CONCRETO INTERNAS, COM COLHER DE PEDREIRO.  ARGAMASSA TRAÇO 1:3 COM PREPARO EM BETONEIRA 400L. AF_06/2014","M2",2.92,{"$f":"F29","v":48.29999999999999},3.7898679999999998,{"$f":"G30*F30","v":183.05062439999995},null,141.03599999999997]
[null,89173,"SERVIÇO DE EMBOÇO/MASSA ÚNICA, APLICADO MANUALMENTE, TRAÇO 1:2:8, EM BETONEIRA DE 400L,  COM EXECUÇÃO DE TALISCAS.","M2",23.74,{"$f":"F30","v":48.29999999999999},30.812145999999998,{"$f":"G31*F31","v":1488.2266517999997},null,1146.6419999999996]
[null,89449,"BARBACÃ, TUBO, PVC, DN 50MM - FORNECIMENTO E INSTALAÇÃO.","M",13.97,{"$f":"23*2*0.25","v":11.5},18.131663,{"$f":"G32*F32","v":208.51412450000001},null,160.655]
[null,55835,"REATERRO INTERNO (EDIFICACOES) COMPACTADO ","M3",56.84,20,73.772636000000006,{"$f":"G33*F33","v":1475.4527200000002},null,1136.8000000000002]
[null,83739,"FORNECIMENTO/INSTALACAO DE MANTA BIDIM RT-10","M2",4.6900000000000004,51.75,6.0871510000000004,{"$f":"G34*F34","v":315.01006425000003},null,242.70750000000001]
[null,83668,"CAMADA DRENANTE COM BRITA NUM 2","M3",82.08,7.76,106.531632,{"$f":"G35*F35","v":826.68546431999994},null,636.94079999999997]
[null,null,"FECHAMENTO",null,null,null,null,null,null,0]
[null,"74143/1 alterado","CERCA COM MOUROES DE CONCRETO, RETO, 15X15CM, ESPACAMENTO DE 3M, H=2M, CRAVADOS 0,7M, ESCORAS DE 10X10CM , COM TELA SOLDADA GALVANIZADO, MALHA 15X5CM","M",59.44,158,77.147176000000002,{"$f":"G37*F37","v":12189.253807999999},null,9391.52]
[null,37562,"PORTAO DE CORRER EM GRADIL FIXO NA VERTICAL, COM FUNDO ANTICORROSIVO, PINTURA A OLEO,  COM TRILHOS E ROLDANAS","M2",272.07,{"$f":"4*2","v":8},353.11965299999997,{"$f":"G38*F38","v":2824.9572239999998},null,2176.56]
[null,93358,"ESCAVAÇÃO MANUAL DE VALAS. AF_03/2016","M3",64.239999999999995,{"$f":"130*(0.12*0.25)","v":3.9},83.377095999999995,{"$f":"G39*F39","v":325.1706744},null,{"$f":"E39*F39","v":250.53599999999997}]
[null,5651,"FORMA TABUA PARA CONCRETO EM FUNDACAO, C/ REAPROVEITAMENTO 5X.","M2",32.29,{"$f":"(130/3)*(0.25+0.25)","v":21.666666666666668},41.909191,{"$f":"G40*F40","v":908.03247166666677},null,699.61666666666667]
[null,94963,"CONCRETO FCK = 15MPA, TRAÇO 1:3,4:3,5 (CIMENTO/ AREIA MÉDIA/ BRITA 1)  - PREPARO MECÂNICO COM BETONEIRA 400 L. AF_07/2016","M3",263.33999999999997,{"$f":"130*0.12*0.25","v":3.9},341.78898599999997,1332.9770453999997,null,1027.0259999999998]
[null,88489,"APLICAÇÃO MANUAL DE PINTURA COM TINTA LÁTEX ACRÍLICA EM PAREDES, DUAS DEMÃOS. AF_06/2014","M2",10.08,{"$f":"((130/3)*(0.4*2))+(139*0.25)","v":69.416666666666671},13.082832,908.16658800000005,null,699.72]
[null,"COT."," COBERTURA COM ESTRUTURA METALICA E TELHA EM ALUZINCO, PINTADO FORNECIMENTO E INSTALAÇÃO","M2",230,{"$f":"(10.5*1.8)+(20*3)","v":78.900000000000006},298.517,{"$f":"G43*F43","v":23552.991300000002},null,18147]
["VALOR TOTAL DA OBRA :",null,null,null,null,null,null,{"$f":"SUM(J17:J43)","v":52833.065439937251}]
["BDI :",null,null,null,null,null,null,{"$f":"H44*C12","v":15738.970194557307}]
["VALOR TOTAL DA OBRA COM BDI:",null,null,null,null,null,null,{"$f":"H44+H45","v":68572.035634494561}]
[]
[]
[]
[]
[null,null,null,"Responsável Técnico:",{"$f":"'P. BDI'!C39","v":"MARCIO TRENTINI"}]
[null,null,null,"Carimbo e Assinatura CREA/CAU:",{"$f":"'P. BDI'!C40","v":"CREA - PR 133392/D"}]
[]
[]
[]
[]
[]
[null,null,null,"Responsavel Legal:"]
[null,null,null,"Carimbo e Assinatura"]

{"sheet":"CRON","index":3,"n_rows":46,"n_cols":12,"rows_kept":46,"cut":false,"hidden":false,"merged":[[1,0,2,11],[10,0,10,1],[11,0,11,1],[14,2,14,3],[15,2,15,3],[7,0,7,1],[5,5,5,6],[9,0,9,1],[14,4,14,5],[4,0,4,1],[4,3,4,4],[4,5,4,6],[5,0,5,1],[5,3,5,4],[6,0,6,1],[6,3,6,4],[25,2,25,3],[18,4,18,5],[19,4,19,5],[25,4,25,5],[23,2,23,3],[23,4,23,5],[18,2,18,3],[19,2,19,3],[21,2,21,3],[22,2,22,3],[21,4,21,5],[22,4,22,5],[20,2,20,3],[20,4,20,5],[24,4,24,5],[8,0,8,1],[15,4,15,5],[16,4,16,5],[24,2,24,3],[16,2,16,3],[17,2,17,3],[17,4,17,5],[32,1,32,3],[32,4,32,5],[30,4,30,5],[31,4,31,5],[30,1,30,3],[31,1,31,3],[26,2,26,3],[29,4,29,5],[29,2,29,3],[28,4,28,5],[28,2,28,3],[27,2,27,3],[26,4,26,5],[27,4,27,5]]}
["IMPRIMIR EM PAPEL TIMBRADO DA EMPRESA PROPONENTE "]
["CRONOGRAMA FÍSICO-FINANCEIRO "]
[]
[]
[{"$f":"'P. BDI'!B3","v":"Edital :"},null,{"$f":"'P. BDI'!C3:F3","v":"TP -xxx"},"Valor Tot. s/ BDI:",null,{"$f":"QCI!F8","v":52833.065439937251}]
[{"$f":"'P. BDI'!B4","v":"Tomador: "},null,{"$f":"'P. BDI'!C4:F4","v":"Prefeitura Municipal de Dois Vizinhos - PR"},"Valor Tot. c/ BDI:",null,{"$f":"QCI!F9","v":68572.035634494561}]
[{"$f":"'P. BDI'!B5","v":"Empreendimento: "},null,{"$f":"'P. BDI'!C5:F5","v":"MELHORIAS ESCOLA NSA. DE LOURDES"}]
[{"$f":"'P. BDI'!B6","v":"Local da Obra:"},null,{"$f":"'P. BDI'!C6:F6","v":"--"}]
[{"$f":"'P. BDI'!B7","v":"Empresa Prop.:"},null,{"$f":"'P. BDI'!C7:F7","v":"xxxxxxxxxxxxxx"}]
[{"$f":"'P. BDI'!B8","v":"CNPJ:"},null,{"$f":"'P. BDI'!C8:F8","v":"xxxxxxxxxxxxxx"}]
[{"$f":"'P. BDI'!B9","v":"Referencia:"},null,{"$f":"'P. BDI'!C9:F9","v":"SINAPI 06/2017 Desonerado"}]
["BDI c/ deson.:",null,{"$f":"'P. BDI'!F31","v":0.2979}]
[]
[]
[null,"ITEM .","DESCRIÇÃO ",null,"VALOR DO GRUPO",null,"MÊS °1","MÊS °2","MÊS °3","MÊS °4","MÊS °5","% TOTAL"]
[null,{"$f":"QCI!B26","v":".1"},{"$f":"QCI!C26","v":"SERVIÇOS PRELIMINARES"},null,{"$f":"QCI!F26","v":700.86599999999999},null,1,null,null,null,null,{"$f":"SUM(G16:K16)","v":1}]
[null,{"$f":"QCI!B27","v":".2"},{"$f":"QCI!C27","v":"SERVIÇOS"},null,{"$f":"QCI!F27","v":67871.169634494552},null,0.75,0.25,null,null,null,{"$f":"SUM(G17:K17)","v":1}]
[]
[]
[]
[]
[]
[]
[]
[]
[]
[]
[]
[]
[]
[null,"% TOTAL DE EXECUÇÃO:",null,null,1,null,{"$f":"G32/$E$32","v":0.75255521800364733},{"$f":"H32/$E$32","v":0.24744478199635278},0,0,{"$f":"K32/$E$32","v":0}]
[null,"TOTAL:",null,null,{"$f":"SUM(E16:F30)","v":68572.035634494547},null,{"$f":"(G16*$E$16)+(G17*$E$17)+(G19*$E$19)+(G20*$E$20)+(G21*$E$21)+(G18*$E$18)+(G26*$E$26)+(G27*$E$27)+(G28*$E$28)+(G29*$E$29)+(G30*$E$30)","v":51604.243225870916},{"$f":"(H16*$E$16)+(H17*$E$17)+(H19*$E$19)+(H20*$E$20)+(H21*$E$21)+(H18*$E$18)+(H26*$E$26)+(H27*$E$27)+(H28*$E$28)+(H29*$E$29)+(H30*$E$30)","v":16967.792408623638},{"$f":"(I16*$E$16)+(I17*$E$17)+(I19*$E$19)+(I20*$E$20)+(I21*$E$21)+(I18*$E$18)+(I26*$E$26)+(I27*$E$27)+(I28*$E$28)+(I29*$E$29)+(I30*$E$30)","v":0},{"$f":"(J16*$E$16)+(J17*$E$17)+(J19*$E$19)+(J20*$E$20)+(J21*$E$21)+(J18*$E$18)+(J26*$E$26)+(J27*$E$27)+(J28*$E$28)+(J29*$E$29)+(J30*$E$30)","v":0},{"$f":"(K16*$E$16)+(K17*$E$17)+(K19*$E$19)+(K20*$E$20)+(K21*$E$21)+(K18*$E$18)+(K26*$E$26)+(K27*$E$27)+(K28*$E$28)+(K29*$E$29)+(K30*$E$30)","v":0}]
[null,"TOTAL ACUM.:",null,null,null,null,{"$f":"G32","v":51604.243225870916},{"$f":"H32+G33","v":68572.035634494561},{"$f":"I32+H33","v":68572.035634494561},{"$f":"J32+I33","v":68572.035634494561},{"$f":"K32+J33","v":68572.035634494561}]
[]
[]
[]
[]
[]
[null,null,null,null,null,"Responsável Técnico:",{"$f":"'P. BDI'!C39","v":"MARCIO TRENTINI"}]
[null,null,null,null,null,"Carimbo e Assinatura CREA/CAU:",{"$f":"'P. BDI'!C40","v":"CREA - PR 133392/D"}]
[]
[]
[]
[]
[null,null,null,null,null,"Responsavel Legal:"]
[null,null,null,null,null,"Carimbo e Assinatura"]

{"sheet":"DESTRAVAR","index":4,"n_rows":33,"n_cols":1,"rows_kept":33,"cut":false,"hidden":true,"merged":[]}
["Sub DesprotegerPlanilhaAtiva()"]
["Dim i, i1, i2, i3, i4, i5, i6 As Integer, j As Integer, k As Integer, l As Integer, m As Integer, n As Integer"]
["On Error Resume Next"]
["For i = 65 To 66"]
["For j = 65 To 66"]
["For k = 65 To 66"]
["For l = 65 To 66"]
["For m = 65 To 66"]
["For i1 = 65 To 66"]
["For i2 = 65 To 66"]
["For i3 = 65 To 66"]
["For i4 = 65 To 66"]
["For i5 = 65 To 66"]
["For i6 = 65 To 66"]
["For n = 32 To 126"]
["ActiveSheet.Unprotect Chr(i) & Chr(j) & Chr(k) & Chr(l) & Chr(m) & Chr(i1) & Chr(i2) & Chr(i3) & Chr(i4) & Chr(i5) & Chr(i6) & Chr(n)"]
["If ActiveSheet.ProtectContents = False Then"]
["MsgBox \"Planilha desprotegida com sucesso!!!\""]
["Exit Sub"]
["End If"]
["Next"]
["Next"]
["Next"]
["Next"]
["Next"]
["Next"]
["Next"]
["Next"]
["Next"]
["Next"]
["Next"]
["Next"]
["End Sub"]